[Event "SK Bocholt 2 - SC Hiltrup 1"]
[Site "Verbandsklasse, Gr. 1 2022/20"]
[Date "2023.02.18"]
[Round "5.1"]
[White "Voigt, Stefan"]
[Black "Burike, Christian"]
[Result "1/2-1/2"]
[WhiteElo "1794"]
[BlackElo "1734"]
[PlyCount "124"]
[EventDate "2023.??.??"]
[SourceTitle "Verband Muensterland"]
[SourceDate "2022.10.26"]
[SourceVersion "1"]
[SourceVersionDate "2022.10.26"]
[SourceQuality "1"]
[WhiteTeam "Hiltrup"]
[BlackTeam "Bocholt II"]
[WhiteTeamCountry "GER"]
[BlackTeamCountry "GER"]

1. e4 e6 2. d4 d5 3. Bd3 dxe4 4. Bxe4 Nf6 5. Bf3 c5 6. Ne2 Be7 7. O-O O-O 8.
Be3 Nbd7 9. Nbc3 cxd4 10. Bxd4 Qa5 11. Qe1 Ne5 12. Bxe5 Qxe5 13. Rd1 Bb4 14. a3
Ba5 15. Rd3 Bd7 16. Qd1 Bc6 17. Bxc6 bxc6 18. b4 Bc7 19. f4 Bb6+ 20. Kh1 Qc7
21. Na4 Rfd8 22. Nxb6 axb6 23. c4 b5 24. cxb5 cxb5 25. Nc3 Rxd3 26. Qxd3 Rxa3
27. Nxb5 Rxd3 28. Nxc7 Rc3 29. Na6 Rb3 30. Rc1 Kf8 31. g3 Nd5 32. Rc8+ Ke7 33.
Rb8 h5 34. Rb7+ Kf6 35. b5 Kg6 36. Nc5 Rb2 37. Nd3 Rb1+ 38. Kg2 f6 39. Nc5 e5
40. fxe5 fxe5 41. Ne6 e4 42. Nf4+ Nxf4+ 43. gxf4 Kf5 44. Rf7+ Kg6 45. Rb7 Kf5
46. Rf7+ Kg4 47. h3+ Kh4 48. Rxg7 Rb2+ 49. Kf1 Rxb5 50. Ke2 Kxh3 51. Ke3 Rb4
52. f5 Rb5 53. f6 Rf5 54. f7 Kh4 55. Kxe4 Rf1 56. Ke5 Re1+ 57. Kf6 Rf1+ 58. Ke7
Re1+ 59. Kf8 Rf1 60. Kg8 Kh3 61. f8=Q Rxf8+ 62. Kxf8 h4 1/2-1/2

[Event "SK Bocholt 2 - SC Hiltrup 1"]
[Site "Verbandsklasse, Gr. 1 2022/20"]
[Date "2023.02.18"]
[Round "5.2"]
[White "Steverding, Tim"]
[Black "Buchholz, Christian"]
[Result "1-0"]
[WhiteElo "1544"]
[BlackElo "1729"]
[PlyCount "99"]
[EventDate "2023.??.??"]
[SourceTitle "Verband Muensterland"]
[SourceDate "2022.10.26"]
[SourceVersion "1"]
[SourceVersionDate "2022.10.26"]
[SourceQuality "1"]
[WhiteTeam "Bocholt II"]
[BlackTeam "Hiltrup"]
[WhiteTeamCountry "GER"]
[BlackTeamCountry "GER"]

1. d4 Nf6 2. Nf3 e6 3. c4 b6 4. Nc3 Bb4 5. Bd2 Bb7 6. e3 O-O 7. Be2 d5 8. cxd5
Nxd5 9. Nxd5 Bxd2+ 10. Qxd2 Qxd5 11. O-O Nd7 12. Rfc1 c5 13. dxc5 Nxc5 14. Qxd5
Bxd5 15. b4 Ne4 16. Rc2 Rfc8 17. Rac1 Rxc2 18. Rxc2 a5 19. bxa5 bxa5 20. Bb5 h6
21. Nd4 Rb8 22. f3 Nd6 23. Bc6 Rb1+ 24. Kf2 Bc4 25. Rd2 e5 26. Ne2 g6 27. Rxd6
Rb2 28. Rd8+ Kg7 29. a4 Bxe2 30. Kg3 Rb6 31. Bd5 Bd1 32. Rd7 Rf6 33. Ra7 Bxa4
34. Rxa5 Rd6 35. Bxf7 Kxf7 36. Rxa4 Kf6 37. h4 g5 38. hxg5+ Kxg5 39. Ra8 Rg6
40. Ra4 h5 41. f4+ Kf5+ 42. Kf3 exf4 43. Ra5+ Kf6 44. Ra6+ Kf5 45. Rxg6 Kxg6
46. Kxf4 Kf6 47. e4 h4 48. Kg4 Ke5 49. Kxh4 Kxe4 50. Kg5 1-0

[Event "SK Bocholt 2 - SC Hiltrup 1"]
[Site "Verbandsklasse, Gr. 1 2022/20"]
[Date "2023.02.18"]
[Round "5.3"]
[White "Haves, Daniel"]
[Black "Tepasse, Wilhelm"]
[Result "1-0"]
[WhiteElo "1650"]
[BlackElo "1741"]
[PlyCount "65"]
[EventDate "2023.??.??"]
[SourceTitle "Verband Muensterland"]
[SourceDate "2022.10.26"]
[SourceVersion "1"]
[SourceVersionDate "2022.10.26"]
[SourceQuality "1"]
[WhiteTeam "Hiltrup"]
[BlackTeam "Bocholt II"]
[WhiteTeamCountry "GER"]
[BlackTeamCountry "GER"]

1. e4 c6 2. d4 d5 3. e5 Bf5 4. Nf3 e6 5. Bd3 Bxd3 6. Qxd3 h6 7. Be3 Nd7 8. c4
Bb4+ 9. Bd2 dxc4 10. Qxc4 Bxd2+ 11. Nbxd2 Nb6 12. Qc2 Ne7 13. Rd1 O-O 14. O-O
Nf5 15. Ne4 Qe7 16. b3 Rac8 17. Qd2 Nd5 18. g4 Nh4 19. Nxh4 Qxh4 20. f3 Rcd8
21. Qf2 Qxf2+ 22. Rxf2 Rfe8 23. Rfd2 Re7 24. Kf2 Red7 25. h3 g5 26. Nc5 Re7 27.
Ne4 Kg7 28. h4 Kg6 29. hxg5 hxg5 30. Rh1 Nf4 31. Kg3 Red7 32. Rdh2 Rxd4 33. Rh7
1-0

[Event "SK Bocholt 2 - SC Hiltrup 1"]
[Site "Verbandsklasse, Gr. 1 2022/20"]
[Date "2023.02.18"]
[Round "5.4"]
[White "Schlebusch, Daniel"]
[Black "Vera, Antonio"]
[Result "1/2-1/2"]
[WhiteElo "1672"]
[BlackElo "1648"]
[PlyCount "99"]
[EventDate "2023.??.??"]
[SourceTitle "Verband Muensterland"]
[SourceDate "2022.10.26"]
[SourceVersion "1"]
[SourceVersionDate "2022.10.26"]
[SourceQuality "1"]
[WhiteTeam "Bocholt II"]
[BlackTeam "Hiltrup"]
[WhiteTeamCountry "GER"]
[BlackTeamCountry "GER"]

1. e4 c5 2. Nf3 d6 3. c3 Nf6 4. Be2 Nc6 5. d4 cxd4 6. cxd4 e6 7. Nc3 Be7 8. O-O
O-O 9. Bg5 Nd7 10. Bxe7 Nxe7 11. e5 dxe5 12. Bd3 exd4 13. Nxd4 Nf6 14. Re1 g6
15. Nf3 Ned5 16. Ne4 Nb4 17. Nxf6+ Qxf6 18. Re3 Nxd3 19. Rxd3 Qxb2 20. Nd4 Qb6
21. Nf3 Qa5 22. h4 b6 23. Rc1 Bb7 24. Ng5 h6 25. Rc7 hxg5 26. Rxb7 gxh4 27.
Rdd7 a6 28. Qd4 Qc5 29. Qxh4 Qf5 30. Qb4 b5 31. Qd6 Rac8 32. Rbc7 Rxc7 33. Rxc7
Qb1+ 34. Kh2 Qxa2 35. Qe5 Qxf2 36. Rc3 Rd8 37. Rh3 Kf8 38. Rh8+ Ke7 39. Qg5+
Qf6 40. Qxf6+ Kxf6 41. Rxd8 Ke5 42. Ra8 Kd4 43. Rxa6 b4 44. Kg3 b3 45. Rb6 Kc3
46. Kf3 Kc2 47. Ke2 b2 48. Rc6+ Kb3 49. Rb6+ Kc2 50. Rc6+ 1/2-1/2

[Event "SK Bocholt 2 - SC Hiltrup 1"]
[Site "Verbandsklasse, Gr. 1 2022/20"]
[Date "2023.02.18"]
[Round "5.5"]
[White "May, Peter"]
[Black "Harbring, Thorben"]
[Result "1-0"]
[WhiteElo "1598"]
[BlackElo "1583"]
[PlyCount "67"]
[EventDate "2023.??.??"]
[SourceTitle "Verband Muensterland"]
[SourceDate "2022.10.26"]
[SourceVersion "1"]
[SourceVersionDate "2022.10.26"]
[SourceQuality "1"]
[WhiteTeam "Hiltrup"]
[BlackTeam "Bocholt II"]
[WhiteTeamCountry "GER"]
[BlackTeamCountry "GER"]

1. e4 c5 2. Nf3 Nc6 3. d4 cxd4 4. Nxd4 g6 5. Be3 Nf6 6. Nc3 d6 7. f3 Bg7 8. Qd2
O-O 9. O-O-O Bd7 10. Bh6 Bxh6 11. Qxh6 Qb6 12. Nb3 Rac8 13. h4 Na5 14. h5 Nxb3+
15. axb3 Qa5 16. Kb1 g5 17. Nd5 Nxd5 18. Rxd5 Qe1+ 19. Ka2 f6 20. Rxg5+ fxg5
21. Bc4+ Rxc4 22. Rxe1 Rc5 23. e5 Rf5 24. g4 Rfxe5 25. Rxe5 Rxe5 26. f4 Ra5+
27. Kb1 Bxg4 28. fxg5 a6 29. g6 Rxh5 30. gxh7+ Kh8 31. Qf8+ Kxh7 32. Qxe7+ Kh8
33. Qxd6 Rg5 34. Qh6+ 1-0

[Event "SK Bocholt 2 - SC Hiltrup 1"]
[Site "Verbandsklasse, Gr. 1 2022/20"]
[Date "2023.02.18"]
[Round "5.6"]
[White "Hellmann, Guenter"]
[Black "Schmidt, Juergen"]
[Result "0-1"]
[WhiteElo "1544"]
[BlackElo "1636"]
[PlyCount "95"]
[EventDate "2023.??.??"]
[SourceTitle "Verband Muensterland"]
[SourceDate "2022.10.26"]
[SourceVersion "1"]
[SourceVersionDate "2022.10.26"]
[SourceQuality "1"]
[WhiteTeam "Bocholt II"]
[BlackTeam "Hiltrup"]
[WhiteTeamCountry "GER"]
[BlackTeamCountry "GER"]

1. e4 e6 2. d4 d5 3. e5 c5 4. c3 Nc6 5. Nf3 Qb6 6. dxc5 Bxc5 7. Qc2 a5 8. Bd3
g6 9. O-O Bf8 10. Qe2 Nge7 11. Be3 Qc7 12. Na3 Nxe5 13. Nxe5 Qxe5 14. Bb5+ Nc6
15. f4 Qh5 16. Qe1 Bg7 17. Rf3 e5 18. fxe5 O-O 19. Bxc6 bxc6 20. Bd4 Bg4 21.
Rf2 Rae8 22. Qd2 Bxe5 23. Bxe5 Qxe5 24. h3 Bf5 25. Nc2 Bxc2 26. Qxc2 Re6 27.
Raf1 f5 28. Qa4 Qc7 29. Qd4 Re4 30. Qd2 Rfe8 31. a3 Qe5 32. Qd1 Re1 33. Rxe1
Qxe1+ 34. Qxe1 Rxe1+ 35. Kh2 h5 36. Kg3 Re4 37. h4 Kf7 38. Kh3 Kf6 39. g3 Ke5
40. Kg2 a4 41. Kh3 c5 42. Kg2 f4 43. gxf4+ Rxf4 44. Re2+ Re4 45. Rxe4+ Kxe4 46.
Kf2 Ke5 47. Ke2 Kf4 48. b4 0-1

[Event "SK Bocholt 2 - SC Hiltrup 1"]
[Site "Verbandsklasse, Gr. 1 2022/20"]
[Date "2023.02.18"]
[Round "5.7"]
[White "Jeromin, Rudolf Gustav"]
[Black "Harbring, Morten"]
[Result "1-0"]
[WhiteElo "1567"]
[BlackElo "1309"]
[PlyCount "113"]
[EventDate "2023.??.??"]
[SourceTitle "Verband Muensterland"]
[SourceDate "2022.10.26"]
[SourceVersion "1"]
[SourceVersionDate "2022.10.26"]
[SourceQuality "1"]
[WhiteTeam "Hiltrup"]
[BlackTeam "Bocholt II"]
[WhiteTeamCountry "GER"]
[BlackTeamCountry "GER"]

1. e4 e5 2. Nf3 Nc6 3. Bc4 Bc5 4. O-O d6 5. h3 Nf6 6. d3 O-O 7. Nc3 Be6 8. Bxe6
fxe6 9. Na4 Bb6 10. Nxb6 axb6 11. Ng5 Qd7 12. c3 Ne7 13. Qb3 d5 14. f4 exf4 15.
Bxf4 Ng6 16. Be3 h6 17. Nf3 dxe4 18. dxe4 Nxe4 19. Rad1 Qe7 20. Qc2 Ng3 21.
Qxg6 Nxf1 22. Rxf1 Rxa2 23. b4 Rf6 24. Qe4 c5 25. bxc5 bxc5 26. Qc4 Ra5 27. Rd1
Qc7 28. Qd3 Ra8 29. Qe4 Rc8 30. Ne5 Qa5 31. Nd7 Rf7 32. Qxe6 Qd8 33. Nf6+ Qxf6
34. Qxc8+ Rf8 35. Qxc5 Qe6 36. Qd5 Qxd5 37. Rxd5 Rb8 38. Rb5 Kf7 39. Bf4 Rc8
40. Rxb7+ Kf6 41. Rc7 Re8 42. Kf2 g5 43. Be3 Re6 44. Kf3 Kf5 45. Rc5+ Kg6 46.
g4 Kf6 47. Bd4+ Kg6 48. Rf5 Re1 49. Kf2 Rh1 50. Rf3 h5 51. Rf6+ Kh7 52. Kg2 Re1
53. gxh5 Re7 54. Rg6 Rf7 55. Rg7+ Rxg7 56. Bxg7 Kxg7 57. Kg3 1-0

[Event "SK Bocholt 2 - SC Hiltrup 1"]
[Site "Verbandsklasse, Gr. 1 2022/20"]
[Date "2023.02.18"]
[Round "5.8"]
[White "Welling, Konrad"]
[Black "Voigt, Hartmut"]
[Result "1-0"]
[WhiteElo "1647"]
[BlackElo "1528"]
[PlyCount "81"]
[EventDate "2023.??.??"]
[SourceTitle "Verband Muensterland"]
[SourceDate "2022.10.26"]
[SourceVersion "1"]
[SourceVersionDate "2022.10.26"]
[SourceQuality "1"]
[WhiteTeam "Bocholt II"]
[BlackTeam "Hiltrup"]
[WhiteTeamCountry "GER"]
[BlackTeamCountry "GER"]

1. e4 d5 2. exd5 Qxd5 3. Nc3 Qd6 4. d4 Nf6 5. Nf3 Bf5 6. Bd3 Bxd3 7. Qxd3 c6 8.
Ne5 h6 9. Bf4 Nh5 10. Qf5 Qe6 11. Qxh5 g6 12. Qe2 Bg7 13. O-O-O Na6 14. Rhe1
Rd8 15. Nf3 Qd7 16. Ne4 O-O 17. Nc5 Qc8 18. Nxa6 bxa6 19. Qxe7 Rd7 20. Qe4 c5
21. Be5 f6 22. Bg3 f5 23. Qe6+ Kh7 24. Ne5 Rxd4 25. Qxc8 Rxd1+ 26. Rxd1 Rxc8
27. Rd7 g5 28. f4 c4 29. h4 c3 30. b3 Kg8 31. fxg5 f4 32. Ng6 Rc5 33. Bxf4 hxg5
34. Bxg5 Ra5 35. Kb1 Kh7 36. Nf4 Kg8 37. Nh5 Kf8 38. Rxg7 Rf5 39. Be7+ Ke8 40.
Nf6+ Rxf6 41. Bxf6 1-0

[Event "SV Heiden 2 - Indische Dame Münster 1"]
[Site "Verbandsklasse, Gr. 1 2022/20"]
[Date "2023.02.18"]
[Round "5.1"]
[White "Diersen, Joerg"]
[Black "Wienen, Josef"]
[Result "1-0"]
[WhiteElo "1861"]
[BlackElo "1592"]
[PlyCount "55"]
[EventDate "2023.??.??"]
[SourceTitle "Verband Muensterland"]
[SourceDate "2022.10.26"]
[SourceVersion "1"]
[SourceVersionDate "2022.10.26"]
[SourceQuality "1"]
[WhiteTeam "Muenster Indische Dame"]
[BlackTeam "Heiden II"]
[WhiteTeamCountry "GER"]
[BlackTeamCountry "GER"]

1. e4 c5 2. Nf3 d6 3. d4 Nc6 4. Nc3 cxd4 5. Nxd4 Nf6 6. Bg5 Bg4 7. f3 Bd7 8.
Qd2 a6 9. O-O-O Qc7 10. Bxf6 gxf6 11. Nd5 Qd8 12. Kb1 h5 13. a3 Rc8 14. Be2 e6
15. Ne3 Bh6 16. g3 Qc7 17. f4 e5 18. Ndf5 Bxf5 19. Nxf5 Nd4 20. Nxd6+ Qxd6 21.
c3 Qc6 22. cxd4 Qxe4+ 23. Bd3 Qxd4 24. Rhe1 O-O 25. Qe2 Qb6 26. Qxh5 Kg7 27.
Qg4+ Kh8 28. Qf5 1-0

[Event "SV Heiden 2 - Indische Dame Münster 1"]
[Site "Verbandsklasse, Gr. 1 2022/20"]
[Date "2023.02.18"]
[Round "5.2"]
[White "Dolle, Stefan"]
[Black "Frie, Michael"]
[Result "0-1"]
[WhiteElo "1817"]
[BlackElo "1836"]
[PlyCount "106"]
[EventDate "2023.??.??"]
[SourceTitle "Verband Muensterland"]
[SourceDate "2022.10.26"]
[SourceVersion "1"]
[SourceVersionDate "2022.10.26"]
[SourceQuality "1"]
[WhiteTeam "Heiden II"]
[BlackTeam "Muenster Indische Dame"]
[WhiteTeamCountry "GER"]
[BlackTeamCountry "GER"]

1. d4 Nf6 2. c4 c5 3. d5 b5 4. cxb5 a6 5. bxa6 Bxa6 6. Nc3 d6 7. e4 Bxf1 8.
Kxf1 g6 9. Nge2 Bg7 10. g3 O-O 11. Kg2 Qb6 12. Rb1 Nbd7 13. h3 Qa6 14. f4 Nb6
15. b3 Nfd7 16. Be3 f5 17. Qc2 Nf6 18. Rhd1 Nxe4 19. Nxe4 Qxa2 20. Qxa2 Rxa2
21. Nd2 Nxd5 22. Kf3 Rb8 23. Nc4 Nb4 24. Rd2 Raa8 25. g4 fxg4+ 26. hxg4 d5 27.
Ne5 d4 28. Bf2 Bxe5 29. fxe5 Ra3 30. Ke4 e6 31. Nf4 Kf7 32. Nd3 Nd5 33. Rc1
Nc3+ 34. Kf4 Rb5 35. Rcc2 Raxb3 36. Nc1 Rb1 37. Ne2 g5+ 38. Kf3 Nd5 39. Ra2
R1b3+ 40. Kg2 Rb7 41. Rac2 d3 42. Rxc5 dxe2 43. Rc1 Nf4+ 44. Kh2 Nd3 45. Rxd3
Rxd3 46. Rc2 Rbd7 47. Rxe2 Rd2 48. Rxd2 Rxd2 49. Kg3 Rd5 50. Kf3 Rxe5 51. Bd4
Ra5 52. Ke4 Kg6 53. Be3 h5 0-1

[Event "SV Heiden 2 - Indische Dame Münster 1"]
[Site "Verbandsklasse, Gr. 1 2022/20"]
[Date "2023.02.18"]
[Round "5.3"]
[White "Langheinrich, Joern"]
[Black "Wichert, Michael"]
[Result "1-0"]
[WhiteElo "1856"]
[BlackElo "1712"]
[PlyCount "83"]
[EventDate "2023.??.??"]
[SourceTitle "Verband Muensterland"]
[SourceDate "2022.10.26"]
[SourceVersion "1"]
[SourceVersionDate "2022.10.26"]
[SourceQuality "1"]
[WhiteTeam "Muenster Indische Dame"]
[BlackTeam "Heiden II"]
[WhiteTeamCountry "GER"]
[BlackTeamCountry "GER"]

1. e4 e6 2. d4 d5 3. Nc3 Bb4 4. a3 Bxc3+ 5. bxc3 Ne7 6. Bd3 c5 7. dxc5 dxe4 8.
Bxe4 Qxd1+ 9. Kxd1 Nd7 10. Be3 Nf6 11. Bf3 O-O 12. Rb1 Nc6 13. Ne2 e5 14. Ng3
Re8 15. Ne4 Nd5 16. Bd2 Nf6 17. Nd6 Re7 18. Re1 h6 19. h3 Ne8 20. c4 Kf8 21.
Kc1 f5 22. Bd5 Nf6 23. Bc3 e4 24. f3 e3 25. g3 Nh5 26. g4 Ng3 27. gxf5 Nxf5 28.
Rb3 Nh4 29. Nxb7 Rxb7 30. Bxc6 Rxb3 31. cxb3 Rb8 32. Rxe3 Bxh3 33. Be5 Rc8 34.
Bd5 Nf5 35. Bd6+ Nxd6 36. cxd6 Bf1 37. Re7 Rd8 38. c5 a5 39. Ra7 h5 40. Rf7+
Ke8 41. Rxg7 h4 42. Be6 1-0

[Event "SV Heiden 2 - Indische Dame Münster 1"]
[Site "Verbandsklasse, Gr. 1 2022/20"]
[Date "2023.02.18"]
[Round "5.5"]
[White "Tenberge, Norbert"]
[Black "Spoeler, Gerd"]
[Result "1-0"]
[WhiteElo "1778"]
[BlackElo "1640"]
[PlyCount "91"]
[EventDate "2023.??.??"]
[SourceTitle "Verband Muensterland"]
[SourceDate "2022.10.26"]
[SourceVersion "1"]
[SourceVersionDate "2022.10.26"]
[SourceQuality "1"]
[WhiteTeam "Muenster Indische Dame"]
[BlackTeam "Heiden II"]
[WhiteTeamCountry "GER"]
[BlackTeamCountry "GER"]

1. d4 d5 2. c4 e6 3. Nc3 Nf6 4. e3 Be7 5. Nf3 O-O 6. Bd3 b6 7. O-O Bb7 8. b3
Nbd7 9. Bb2 Rc8 10. Qe2 h6 11. e4 dxe4 12. Nxe4 Nxe4 13. Bxe4 Bxe4 14. Qxe4 Nf6
15. Qb7 a5 16. Ne5 Rb8 17. Qf3 Rc8 18. Nc6 Qe8 19. Rfe1 Bd6 20. Rad1 Nh7 21. d5
Ng5 22. Qd3 f6 23. h4 Nh7 24. Rxe6 Qh5 25. g3 Rce8 26. Rde1 Rxe6 27. Rxe6 Re8
28. Qe3 Kf8 29. Kg2 Rxe6 30. Qxe6 Qe8 31. Nd4 Qxe6 32. Nxe6+ Kf7 33. f4 Nf8 34.
Nd4 Be7 35. h5 Nd7 36. Nf5 Bc5 37. Kf3 Nb8 38. Ke4 Na6 39. a3 Bf8 40. Nd4 Nc5+
41. Ke3 Na6 42. Nc2 Bc5+ 43. Bd4 Bf8 44. Bc3 Nc5 45. b4 axb4 46. axb4 1-0

[Event "SV Heiden 2 - Indische Dame Münster 1"]
[Site "Verbandsklasse, Gr. 1 2022/20"]
[Date "2023.02.18"]
[Round "5.7"]
[White "Ter Veen, Michael"]
[Black "Blobel, Tobias"]
[Result "1-0"]
[WhiteElo "1645"]
[BlackElo "1661"]
[PlyCount "65"]
[EventDate "2023.??.??"]
[SourceTitle "Verband Muensterland"]
[SourceDate "2022.10.26"]
[SourceVersion "1"]
[SourceVersionDate "2022.10.26"]
[SourceQuality "1"]
[WhiteTeam "Muenster Indische Dame"]
[BlackTeam "Heiden II"]
[WhiteTeamCountry "GER"]
[BlackTeamCountry "GER"]

1. c4 e5 2. Nc3 Nf6 3. e4 Bb4 4. Nge2 c6 5. g3 O-O 6. Bg2 d6 7. h3 Be6 8. d3 d5
9. cxd5 cxd5 10. exd5 Bxd5 11. O-O Bxg2 12. Kxg2 Nc6 13. Be3 Kh8 14. d4 Nd5 15.
Qb3 Nxe3+ 16. fxe3 exd4 17. exd4 Bxc3 18. bxc3 Na5 19. Qb4 b6 20. Rf2 Rc8 21.
Raf1 Nc4 22. Kh2 Ne3 23. Rc1 Nc4 24. Nf4 Qd7 25. Re1 Rfe8 26. Rfe2 Rxe2+ 27.
Rxe2 g5 28. Nh5 Nd6 29. Nf6 Qd8 30. Ng4 h5 31. Ne5 Qf6 32. Qxd6 Qf1 33. Qh6+
1-0

[Event "SV Heiden 2 - Indische Dame Münster 1"]
[Site "Verbandsklasse, Gr. 1 2022/20"]
[Date "2023.02.18"]
[Round "5.8"]
[White "Meis, Jonas"]
[Black "Blume, Heidrun"]
[Result "1-0"]
[WhiteElo "1551"]
[BlackElo "1591"]
[PlyCount "47"]
[EventDate "2023.??.??"]
[SourceTitle "Verband Muensterland"]
[SourceDate "2022.10.26"]
[SourceVersion "1"]
[SourceVersionDate "2022.10.26"]
[SourceQuality "1"]
[WhiteTeam "Heiden II"]
[BlackTeam "Muenster Indische Dame"]
[WhiteTeamCountry "GER"]
[BlackTeamCountry "GER"]

1. c4 e6 2. g3 d5 3. Nf3 Nf6 4. d4 Be7 5. Nc3 O-O 6. b3 Bb4 7. Bd2 c6 8. Qc2
Nbd7 9. Bg2 Re8 10. O-O e5 11. Nxd5 Nxd5 12. cxd5 Bxd2 13. dxc6 Ba5 14. cxd7
Qxd7 15. dxe5 Qg4 16. Rac1 Be6 17. Rfd1 Rac8 18. Qb2 Bb6 19. e3 h6 20. Nd4 Rc7
21. Nxe6 Rxe6 22. Rd8+ Kh7 23. Rxc7 Bxc7 24. Qc2+ 1-0